| 000 | 00494nam a2200169 a 4500 | ||
|---|---|---|---|
| 005 | 20140412111305.0 | ||
| 008 | 010503s19uu xx 00 eng d | ||
| 020 | _a0-14-054196-9 | ||
| 050 |
_aTR(PS E _bSa7 1989 |
||
| 100 | _aGrindley, Sally | ||
| 245 |
_aSardines / _cstory by Sally Gridnley; pictures by Doreen Caldwell. |
||
| 260 |
_aNew York : _bPuffin Books, _c1989. |
||
| 300 | _a1v. (unp.); ill. | ||
| 650 | _aChildren's stories | ||
| 650 | _aHide and seek-Fiction | ||
| 999 |
_c103652 _d103652 |
||